City by Tower Picture Quiz - Statistics

General Stats
  • This quiz has been taken 59 times
  • The average score is 6 of 16
Answer Stats
Picture Answer % Correct
Toronto
92%
Seattle
91%
Tokyo
77%
Berlin
64%
Las Vegas
47%
Moscow
43%
Auckland
40%
Kuala Lumpur
36%
Guangzhou
34%
Sydney
32%
Tehran
25%
Kuwait City
21%
Macau
9%
Almaty
8%
Tashkent
6%
Colombo
4%
No matching quizzes found
Score Distribution
Percent of People with Each Score
Percentile by Number Answered
Your Score History
You have not taken this quiz